[Event "9th Amplico Life Rapid"]
[Site "Warsaw POL"]
[Date "2009.12.19"]
[Round "3"]
[White "Tamosaitis,R"]
[Black "Akesson,R"]
[Result "1-0"]
[WhiteElo "2214"]
[BlackElo "2454"]

1.d4 Nf6 2.Bg5 e6 3.e3 h6 4.Bh4 b6 5.Nf3 Bb7 6.Nbd2 d6 7.Bd3 g5 8.Bg3 h5
9.Nxg5 h4 10.Bf4 h3 11.e4 hxg2 12.Rg1 Nc6 13.Qf3 Nxd4 14.Qxg2 Qe7 15.c3 Nc6
16.O-O-O O-O-O 17.Ngf3 Ne5 18.Bxe5 dxe5 19.Bc2 Bh6 20.Nxe5 Rxd2 21.Rxd2 Rd8
22.Nc4 Bxd2+ 23.Nxd2 Qd6 24.f3 Qf4 25.Rd1 Rg8 26.Qf2 Nd7 27.Kb1 Ne5 28.Rh1 Rd8
29.Rd1 Ba6 30.Nb3 Nxf3 31.Nd4 e5 32.Qxf3  1-0

[Event "9th Amplico Life Rapid"]
[Site "Warsaw POL"]
[Date "2009.12.19"]
[Round "3"]
[White "Hess,C1"]
[Black "Gritsak,O"]
[Result "0-1"]
[WhiteElo "2250"]
[BlackElo "2521"]

1.d4 Nf6 2.Bg5 e6 3.Nd2 h6 4.Bh4 c5 5.e3 b6 6.Ngf3 Bb7 7.Bd3 Nc6 8.c3 Be7
9.O-O O-O 10.Re1 Re8 11.a3 Nh5 12.Bxe7 Nxe7 13.Nc4 d5 14.Nce5 Nf6 15.a4 Qc7
16.h3 Nc8 17.a5 Nd6 18.a6 Bc6 19.Nxc6 Qxc6 20.Ne5 Qc7 21.Ng4 Nxg4 22.Qxg4 b5
23.Qg3 Rac8 24.dxc5 Qxc5 25.e4 dxe4 26.Bxe4 b4 27.Bb7 Rb8 28.Re5 Qb6 29.Bf3 Rec8
30.cxb4 Qxb4 31.Rd1 Nf5 32.Qg4 Qxb2 33.Re2 Qb5 34.Bb7 Rc4 35.Qf3 Nd4 36.Qe3 Nxe2+
37.Qxe2 Rb4 38.Qe3 Rb1 39.Qd3 Qxd3  0-1

[Event "IX Gema Open"]
[Site "Mondariz ESP"]
[Date "2009.12.27"]
[Round "2"]
[White "Rodriguez Plana,J"]
[Black "Meireles,A"]
[Result "0-1"]
[WhiteElo "1753"]
[BlackElo "1635"]

1.d4 Nf6 2.Bg5 e6 3.e4 h6 4.Bxf6 Qxf6 5.e5 Qd8 6.Nd2 d5 7.c4 dxc4 8.Bxc4 Qxd4
9.Ngf3 Qb6 10.Qc2 Be7 11.O-O O-O 12.Rad1 Bd7 13.Ne4 Bc6 14.Rfe1 Nd7 15.a3 a5
16.Rd3 Bxe4 17.Rxe4 Nc5 18.Rg4 Nxd3 19.Bxd3 Rad8 20.h4 Rfe8 21.Qc4 Qa6 22.Rxg7+ Kxg7
23.Qg4+ Kf8 24.Bxa6 bxa6 25.Qh5 Kg7 26.g4 Rd1+ 27.Kg2 Rh8 28.Nh2 Rd2 29.b4 axb4
30.axb4 Rb2 31.g5 hxg5 32.Qf3 Rxh4 33.Qc6 Rhxb4 34.Qxc7 Rb7 35.Qa5 R7b6 36.Nf1 R2b5
37.Qa4 Rxe5 38.Qd4 Rb5 39.Ng3 Kg8 40.Qa7 Bc5 41.Qxa6 Rb2 42.Qc8+ Kh7 43.Nh1 Bxf2
44.Nxf2 Ree2 45.Qc3 Rxf2+ 46.Kg1 Rg2+ 47.Kf1 Rgd2 48.Ke1 Kg6 49.Qc4 Rh2 50.Qe4+ Kh6
51.Kf1 Rb1+  0-1

[Event "Schachtuerken-Cup A"]
[Site "Paderborn GER"]
[Date "2009.12.27"]
[Round "1"]
[White "Stork,J"]
[Black "Levin,F"]
[Result "0-1"]
[WhiteElo "2046"]
[BlackElo "2486"]

1.d4 Nf6 2.Bg5 e6 3.e3 d6 4.Nf3 h6 5.Bh4 g5 6.Bg3 Nh5 7.Be2 Bg7 8.Nfd2 Nxg3
9.hxg3 Nd7 10.c3 Qe7 11.Qc2 Nf6 12.Ne4 Nd5 13.g4 Bd7 14.Ng3 O-O-O 15.Nd2 Rhf8
16.O-O-O f5 17.gxf5 exf5 18.Bf3 Nb6 19.Rde1 d5 20.Be2 Kb8 21.Bd3 Qf7 22.f3 Nc8
23.Kb1 Nd6 24.Rhf1 h5 25.e4 f4 26.e5 fxg3 27.exd6 cxd6 28.Bg6 Qf6 29.Re2 h4
30.Rfe1 Bh6 31.Bd3 g4 32.fxg4 Bxg4 33.Re7 Rd7 34.Rxd7 Bxd7 35.Rf1 Qe7 36.Rxf8+ Qxf8
37.Qd1 Qf2 38.Nf3 h3 39.gxh3 g2 40.Be2 Bxh3  0-1

[Event "85th Masters"]
[Site "Hastings ENG"]
[Date "2009.12.28"]
[Round "1"]
[White "Breder,D"]
[Black "Ledger,D"]
[Result "1-0"]
[WhiteElo "2427"]
[BlackElo "2227"]

1.d4 Nf6 2.Bg5 e6 3.e4 h6 4.Bxf6 Qxf6 5.c3 d6 6.Bd3 e5 7.Ne2 Nc6 8.O-O g6
9.Bb5 a6 10.Bxc6+ bxc6 11.Qa4 Bd7 12.Qa5 Ra7 13.dxe5 Qxe5 14.Qxe5+ dxe5 15.Nd2 Be6
16.Nc1 Bd6 17.Nd3 Ke7 18.c4 Rd8 19.Rfd1 Kf6 20.c5 Bf8 21.Nf3 Bg4 22.Ndxe5 Rxd1+
23.Rxd1 Bxf3 24.Nxf3 Rb7 25.e5+ Kf5 26.b3 Bxc5 27.Rc1 Rb5 28.Rc4 Ke6 29.h4 Kd7
30.a4 Ra5 31.b4 Rxa4 32.Rxc5 Rxb4 33.Ra5 Rb6 34.Kh2 Kc8 35.Nd4 Kb7 36.e6 fxe6
37.Nxe6 Rb5 38.Ra4 Kb6 39.Nf8 g5 40.Nd7+ Kb7 41.hxg5  1-0

[Event "IX Gema Open"]
[Site "Mondariz ESP"]
[Date "2009.12.28"]
[Round "5"]
[White "Pousada Gonzalez,A"]
[Black "Meireles,A"]
[Result "1/2-1/2"]
[WhiteElo "1787"]
[BlackElo "1635"]

1.d4 Nf6 2.Bg5 e6 3.e3 Be7 4.Bd3 c5 5.c3 b6 6.Nd2 Bb7 7.Ngf3 d6 8.O-O O-O
9.Re1 Nd5 10.Bxe7 Qxe7 11.a3 cxd4 12.cxd4 Qf6 13.Ne4 Qd8 14.Rc1 Nc6 15.Nc3 Nce7
16.Nxd5 Nxd5 17.Qd2 Rc8 18.Ba6 Qd7 19.Bxb7 Qxb7 20.Qd3 Nf6 21.Nd2 Rc7 22.Rxc7 Qxc7
23.Nb3 Rc8 24.h3 g6 25.Rc1 Qb7 26.f3 Nd5 27.Kf2 Kg7 28.Qd2 Qa6 29.Rxc8 Qxc8
30.Qc1 Qa6 31.Qc2 h5 32.Nd2 Qb5 33.Qb3 Qc6 34.Qc4 Qd7 35.g4 Nf6 36.g5 Nd5
37.h4 Ne7 38.e4 Nc6 39.Qc3 Kh7 40.d5 exd5 41.exd5 Ne7 42.Ne4 Qh3 43.Nf6+ Kg7
44.Nxh5+ Kf8 45.Qg7+ Ke8 46.Qh8+ Kd7 47.Nf6+ Kc7 48.Qh7 Qh2+ 49.Ke1 Qg3+
50.Ke2 Qg2+ 51.Kd1 Qg1+ 52.Kd2  1/2-1/2

[Event "IX Gema Open"]
[Site "Mondariz ESP"]
[Date "2009.12.30"]
[Round "7"]
[White "Pousada Gonzalez,A"]
[Black "Fernandez Rey,J"]
[Result "1-0"]
[WhiteElo "1787"]
[BlackElo "1743"]

1.d4 Nf6 2.Bg5 e6 3.e3 h6 4.Bh4 c5 5.c3 cxd4 6.exd4 d5 7.Nd2 Be7 8.Bd3 Qb6
9.Rb1 Nc6 10.Ngf3 g5 11.Bg3 Nh5 12.Ne5 Nxg3 13.hxg3 Nxe5 14.dxe5 Bc5 15.Qe2 Bd7
16.Nb3 Be7 17.Nd4 O-O-O 18.O-O f6 19.exf6 Bxf6 20.Nf3 e5 21.Nxe5 Qc7 22.Nxd7 Qxd7
23.Qc2 Qd6 24.Rfe1 Kb8 25.Re2 h5 26.Rbe1 h4 27.Re6 Qf8 28.g4 h3 29.g3 Bd4
30.Bf5 h2+ 31.Kh1 Bb6 32.Qe2 Qc5 33.Re7 Qxf2 34.Qxf2 Bxf2 35.R1e2 Bxg3 36.Rf7 Bf4
37.Ree7 Be3 38.Rxe3 d4  1-0

[Event "ch-NZL"]
[Site "Auckland NZL"]
[Date "2010.01.02"]
[Round "1"]
[White "Hart,R"]
[Black "Stuart,P"]
[Result "1/2-1/2"]
[WhiteElo "2244"]
[BlackElo "2041"]

1.d4 Nf6 2.Bg5 e6 3.e4 h6 4.Bxf6 Qxf6 5.Qd2 c5 6.c3 cxd4 7.cxd4 d5 8.e5 Qd8
9.Nc3 Nc6 10.f4 f5 11.Nf3 Bd7 12.Be2 Be7 13.O-O-O Qa5 14.Kb1 O-O-O 15.Qe3 Kb8
16.Nd2 Rc8 17.Nb3 Qd8 18.g4 g6 19.gxf5 gxf5 20.Rhg1 Rg8 21.Na4 Rxg1 22.Rxg1 Na5
23.Nbc5 Bxa4 24.Nxa4 Nc4 25.Bxc4 Rxc4 26.Nc3 Qb6 27.Rg8+ Rc8 28.Rxc8+ Kxc8
29.Kc1 Bb4 30.Qg1 Bxc3 31.Qg8+ Kd7 32.bxc3 Qa6 33.Qf7+ Kd8 34.Qf8+ Kd7 35.Kd2 Qxa2+
36.Ke3 Qa6 37.Qf7+ Kd8 38.Kf2 Qc6 39.Qf8+ Kd7 40.Qf7+ Kd8 41.Qf8+  1/2-1/2

[Event "85th Masters"]
[Site "Hastings ENG"]
[Date "2010.01.03"]
[Round "7"]
[White "Demac,E"]
[Black "Grant,A"]
[Result "1-0"]
[WhiteElo "2084"]
[BlackElo "2236"]

1.d4 Nf6 2.Bg5 e6 3.e3 h6 4.Bh4 d6 5.Bd3 Be7 6.Nd2 b6 7.c3 Bb7 8.Ngf3 Nbd7
9.Qe2 c5 10.O-O-O Qc7 11.h3 O-O-O 12.Kb1 Rhe8 13.Bg3 Bf8 14.Bh2 e5 15.dxe5 Nxe5
16.Nxe5 dxe5 17.Bf5+ Kb8 18.Nf3 Rxd1+ 19.Rxd1 g6 20.Bc2 Bg7 21.Qc4 a6 22.Bb3 Re7
23.Nxe5 Rxe5 24.Qxf7 Qxf7 25.Bxf7 Ne4 26.Bxg6 Nxf2 27.Rd7 Bf6 28.Rf7 Ne4
29.Rxf6  1-0

[Event "ch-NZL"]
[Site "Auckland NZL"]
[Date "2010.01.05"]
[Round "4"]
[White "Hart,R"]
[Black "Croad,N"]
[Result "0-1"]
[WhiteElo "2244"]
[BlackElo "2271"]

1.d4 Nf6 2.Bg5 e6 3.e4 h6 4.Bxf6 Qxf6 5.Nc3 b6 6.Qd2 Bb7 7.f4 g5 8.g3 gxf4
9.e5 Qg7 10.Bg2 Nc6 11.gxf4 Rg8 12.d5 Qxg2 13.Qxg2 Rxg2 14.dxc6 Bxc6 15.Nge2 Bc5
16.O-O-O O-O-O 17.Nd4 Bxd4 18.Rxd4 Rdg8 19.Rf1 Rxh2 20.Rd2 Rgg2 21.Rxg2 Rxg2
22.b4 a6 23.a4 b5 24.axb5 axb5 25.Nd1 h5 26.Nf2 h4 27.Nh3 Rg3 28.Ng5 h3 29.Rf2 Bg2  0-1

[Event "ch-NZL"]
[Site "Auckland NZL"]
[Date "2010.01.05"]
[Round "4"]
[White "Depasquale,C"]
[Black "Nyberg,M"]
[Result "1-0"]
[WhiteElo "2274"]
[BlackElo "1955"]

1.d4 Nf6 2.Bg5 e6 3.e4 d6 4.Bd3 Be7 5.Ne2 Nbd7 6.O-O h6 7.Be3 c6 8.h3 e5
9.c3 Nf8 10.f4 Ng6 11.f5 Nf8 12.Nd2 g5 13.fxg6 Nxg6 14.Ng3 Be6 15.Nf5 Bxf5
16.Rxf5 Qd7 17.Qf1 Qd8 18.Qf2 Kd7 19.Rf1 b6 20.Rxf6 Bxf6 21.Qxf6 Qxf6 22.Rxf6 Ke7
23.Rf2 f6 24.Be2 Rag8 25.Bh5 Nf8 26.Nf3 Rg3 27.Kh2 Rgg8 28.Nh4 Rh7 29.Nf5+ Kd7
30.Nxh6 Rgh8 31.Rxf6 Ke7 32.Bg5 Kd7 33.Bg4+ Kc7 34.dxe5 dxe5 35.Bf5 Nd7 36.Bxh7 Nxf6
37.Bxf6 Rxh7 38.Bxe5+  1-0

[Event "ch-NZL"]
[Site "Auckland NZL"]
[Date "2010.01.08"]
[Round "7"]
[White "Garbett,P"]
[Black "Stuart,P"]
[Result "1/2-1/2"]
[WhiteElo "2302"]
[BlackElo "2041"]

1.d4 Nf6 2.Bg5 e6 3.c3 d5 4.e3 Be7 5.Nd2 b6 6.Bd3 Bb7 7.Ngf3 Nbd7 8.O-O O-O
9.h3 Ne4 10.Bf4 Nxd2 11.Nxd2 Bd6 12.Bxd6 cxd6 13.a4 a5 14.Qb3 Ba6 15.Bxa6 Rxa6
16.Rac1 Nf6 17.Qb5 Ra8 18.c4 Rb8 19.Rc2 Qe8 20.cxd5 Qxb5 21.axb5 Nxd5 22.Rfc1 Rfd8
23.Kf1 Kf8 24.Ke2 Ke7 25.e4 Nb4 26.Rc7+ Rd7 27.Rc8 Rxc8 28.Rxc8 Rd8 29.Rc7+ Rd7
30.Rc3 d5 31.e5 Kd8 32.Rg3 g6 33.Rc3 Rc7 34.Rxc7 Kxc7 35.Nf3 h6 36.Kd2 Kd7
37.Nh2 Ke7 38.Ng4 h5 39.Ne3 Kd7 40.g4 hxg4 41.Nxg4 Ke7 42.f4 Kd7 43.Nf6+ Ke7
44.h4 Kd8 45.b3 Ke7 46.Ng4 Kd7 47.Ne3 Ke7 48.Ng2 Kd7 49.Ne3 Ke7 50.Ng4 Kd7
51.Nf6+ Ke7 52.h5 gxh5 53.Nxh5 Kf8 54.Ng3 Ke7 55.f5 Ke8 56.fxe6 fxe6 57.Ne2 Kd7
58.Kc3 Ke7 59.Nf4 Kd7 60.Ng6 Ke8 61.Nf4 Kd7 62.Ng6 Ke8 63.Nf4  1/2-1/2

[Event "ch-POL"]
[Site "Warsaw POL"]
[Date "2010.01.09"]
[Round "1"]
[White "Jakubowski,K"]
[Black "Socko,B"]
[Result "1/2-1/2"]
[WhiteElo "2502"]
[BlackElo "2643"]

1.d4 Nf6 2.Bg5 e6 3.e4 h6 4.Bxf6 Qxf6 5.Nc3 Bb4 6.e5 Qd8 7.Qg4 Qg5 8.Qe2 d5
9.a3 Bxc3+ 10.bxc3 b6 11.Nh3 Qe7 12.Qg4 g6 13.Nf4 Ba6 14.Bxa6 Nxa6 15.Qe2 Nb8
16.c4 dxc4 17.Qxc4 O-O 18.O-O c6 19.a4 Rc8 20.Rfe1 Nd7 21.Qd3 Qg5 22.g3 Qf5
23.Qxf5 gxf5 24.c4 Nf8 25.d5 cxd5 26.cxd5 Rc5 27.Rad1 Rac8 28.Kg2 Kg7 29.Rd4 Ra5
30.dxe6 fxe6 31.Nh5+ Kf7 32.Nf6 Rc2  1/2-1/2

[Event "XXXV Open"]
[Site "Seville ESP"]
[Date "2010.01.10"]
[Round "3"]
[White "Barrios Munoz,R"]
[Black "Berbatov,K"]
[Result "0-1"]
[WhiteElo "2152"]
[BlackElo "2455"]

1.d4 Nf6 2.Bg5 e6 3.Nd2 c5 4.e3 cxd4 5.exd4 Be7 6.Ngf3 b6 7.Bd3 Ba6 8.Nc4 O-O
9.O-O Nc6 10.c3 Qc7 11.Rc1 Nd5 12.Ne3 Nxe3 13.fxe3 Bxd3 14.Qxd3 f5 15.Bf4 Bd6
16.Nd2 Bxf4 17.exf4 b5 18.Rf2 Rab8 19.Re1 Ne7 20.Nf3 Nd5 21.Ng5 Nxf4 22.Qf3 Nd5
23.g4 h6 24.Rxe6 hxg5 25.Re5 Nf4 26.gxf5 d6 27.Re3 Rxf5 28.Qd1 Rbf8 29.Qb3+ Qc4
30.Qxc4+ bxc4  0-1

[Event "ch-NZL"]
[Site "Auckland NZL"]
[Date "2010.01.12"]
[Round "11"]
[White "Depasquale,C"]
[Black "Croad,N"]
[Result "1/2-1/2"]
[WhiteElo "2274"]
[BlackElo "2271"]

1.d4 Nf6 2.Bg5 e6 3.e4 h6 4.Bxf6 Qxf6 5.c3 d6 6.Bd3 Nd7 7.Ne2 g5 8.O-O Qe7
9.Nd2 b6 10.a4 Bg7 11.a5 bxa5 12.Rxa5 O-O 13.Qa1 a6 14.Bxa6 Rb8 15.Bxc8 Rfxc8
16.Ra7 c5 17.Rc1 g4 18.Nc4 cxd4 19.cxd4 h5 20.Rc3 Qd8 21.Qc1 Nf6 22.Qf4 e5
23.Qe3 exd4 24.Qxd4 d5 25.Ne3 Nxe4 26.Qxd5 Qxd5 27.Rxc8+ Rxc8 28.Nxd5 Rc2
29.Ndf4 Rxb2 30.g3 Ng5 31.Ra8+ Kh7 32.Ra5 Bh6 33.Kg2 Nf3 34.Rxh5 Rb1  1/2-1/2

[Event "ch-AUS"]
[Site "Sydney AUS"]
[Date "2010.01.13"]
[Round "11"]
[White "Lazarus,Be"]
[Black "Matheson,L"]
[Result "1/2-1/2"]
[WhiteElo "2162"]
[BlackElo "2048"]

1.d4 Nf6 2.Bg5 e6 3.e4 h6 4.Bxf6 Qxf6 5.Nf3 d5 6.e5 Qd8 7.c3 c5 8.Be2 Nc6
9.O-O Qb6 10.b3 Bd7 11.a3 Rc8 12.b4 cxd4 13.cxd4 Be7 14.Qd3 a6 15.Nc3 Na7
16.Rfc1 O-O 17.Bd1 a5 18.Rcb1 Qc7 19.Ne2 Bb5 20.Qd2  1/2-1/2

[Event "8th Parsvnath Open"]
[Site "New Delhi IND"]
[Date "2010.01.16"]
[Round "4"]
[White "Singh,SV"]
[Black "Karthikeyan,P"]
[Result "0-1"]
[WhiteElo "2214"]
[BlackElo "2408"]

1.d4 Nf6 2.Bg5 e6 3.e3 h6 4.Bh4 c5 5.Nf3 b6 6.c3 Bb7 7.Nbd2 Be7 8.Bd3 cxd4
9.exd4 O-O 10.Bxf6 Bxf6 11.Qe2 Nc6 12.O-O-O b5 13.Bxb5 Qa5 14.Kb1 Rab8 15.Bd3 Ne7
16.Nb3 Qb6 17.Rc1 d6 18.Nfd2 Nd5 19.Nc4 Qc7 20.g3 Bg5 21.Nba5 Bxc1 22.Rxc1 Bc8
23.h4 Bd7 24.Ka1 e5 25.Bb1 Nf6 26.f3 Rb5 27.g4 Rxa5 28.Nxa5 Qxa5 29.g5 Nh5
30.gxh6 g6 31.Rg1 Kh7 32.Rg5 Nf4 33.Qh2 Qd8 34.dxe5 dxe5 35.Rxe5 Qf6 36.Ra5 Re8
37.Qd2 Rd8 38.Rxa7 Be6 39.Qc1 Qe5 40.Ra4 Nd3 41.Qd2 Bg4 42.Ra3 Qe6 43.Qg5 Rb8
44.Ra7 Qb6 45.Rxf7+ Kg8 46.Rg7+ Kh8 47.b3 Qf2  0-1

[Event "IMB2"]
[Site "Marianske Lazne CZE"]
[Date "2010.01.21"]
[Round "7"]
[White "Corke,A"]
[Black "Plischki,S"]
[Result "1/2-1/2"]
[WhiteElo "2284"]
[BlackElo "2364"]

1.d4 Nf6 2.Bg5 e6 3.e4 c5 4.d5 h6 5.Bxf6 Qxf6 6.Nc3 a6 7.a4 d6 8.Nf3 Nd7
9.Be2 Ne5 10.a5 Bd7 11.O-O g5 12.Nxe5 Qxe5 13.dxe6 fxe6 14.Bh5+ Kd8 15.Na4 Kc7
16.Nb6 Rd8 17.c3  1/2-1/2

[Event "8th Gibtelecom Masters"]
[Site "Caleta ENG"]
[Date "2010.01.28"]
[Round "3"]
[White "Nilsen,Jo"]
[Black "Tari,A"]
[Result "1-0"]
[WhiteElo "2152"]
[BlackElo "1932"]

1.d4 Nf6 2.Bg5 e6 3.Nd2 Be7 4.e4 b6 5.e5 Nd5 6.Bxe7 Nxe7 7.Bd3 Bb7 8.Qg4 Ng6
9.h4 f5 10.Qg3 O-O 11.h5 Nh8 12.Ne2 Nf7 13.Nf3 Nc6 14.c3 a5 15.Nf4 Ne7 16.c4 Qc8
17.h6 g6 18.Qh4 Bxf3 19.Qxe7 Be4 20.Qf6 Nxh6 21.Qh4 Bxd3 22.Qxh6 Rf7 23.Nxd3 Qb7
24.f3 Qa6 25.Rc1 Qc8 26.Nf4 Qf8 27.Qxf8+ Rfxf8 28.Kf2 Rfe8 29.Rhe1 Kf7 30.d5 Rad8
31.Rcd1 Ke7 32.Rh1  1-0

[Event "2nd Chennai Open"]
[Site "Chennai IND"]
[Date "2010.01.28"]
[Round "5"]
[White "Meenakshi,Sub"]
[Black "Prince,Ba"]
[Result "1-0"]
[WhiteElo "2353"]
[BlackElo "2155"]

1.d4 Nf6 2.Bg5 e6 3.e4 h6 4.Bxf6 Qxf6 5.Nf3 d6 6.Bd3 Qe7 7.Nc3 g6 8.O-O Bg7
9.Qd2 O-O 10.e5 d5 11.Ne2 c5 12.c3 Nc6 13.a3 Bd7 14.h4 Na5 15.Rab1 Ba4 16.h5 c4
17.Bc2 Bxc2 18.Qxc2 g5 19.Ng3 Nc6 20.Rbe1 Rae8 21.Re3 f5 22.exf6 Qxf6 23.Rfe1 Rf7
24.Nh2 e5 25.dxe5 Nxe5 26.Ng4 Qf4 27.Nxe5 Rxe5 28.Rxe5 Bxe5 29.Qg6+ Bg7 30.Re8+ Rf8
31.Rxf8+ Kxf8 32.Qe6 d4 33.Qc8+ Kf7 34.Qxc4+ Ke7 35.cxd4 Kd7 36.Qd5+ Kc7
37.Qa5+ Kc6 38.Qc5+ Kd7 39.Nf5 Bf6 40.Qd5+ Kc7 41.g3 Qc1+ 42.Kg2  1-0

[Event "8th Gibtelecom Masters"]
[Site "Caleta ENG"]
[Date "2010.01.29"]
[Round "4"]
[White "Marder,S"]
[Black "Thingstad,E"]
[Result "0-1"]
[WhiteElo "1993"]
[BlackElo "2141"]

1.d4 Nf6 2.Bg5 e6 3.e3 b6 4.Qf3 d5 5.Nd2 Bb7 6.Bd3 Be7 7.c3 Nbd7 8.Bf4 c5
9.Ne2 O-O 10.Qh3 Re8 11.f3 Nf8 12.g4 Bd6 13.Bxd6 Qxd6 14.g5 N6d7 15.f4 Rab8
16.a3 a5 17.Kf2 b5 18.Nf3 b4 19.Ne5 Ba6 20.axb4 Bxd3 21.dxc5 Qa6 22.Rxa5 Bxe2
23.Re1 Qc8 24.Nxd7 Nxd7 25.Kxe2 Qd8 26.Kf2 e5 27.Qg3 Qe7 28.c6 Nb6 29.fxe5 Qe6
30.Rc5 Na4 31.Ra5 Nxb2 32.Rb1 Nd3+ 33.Kg2 Qxc6 34.b5 Qxc3 35.Rba1 Qb2+ 36.Kh3 Nf2+
37.Kh4 Ne4 38.Qf4 h6 39.Kh3 hxg5 40.Qf3 Rb6 41.Ra6 Rh6+ 42.Rxh6 Qxa1  0-1

[Event "8th Gibtelecom Masters"]
[Site "Caleta ENG"]
[Date "2010.01.29"]
[Round "4"]
[White "Bellon Lopez,JuM"]
[Black "Weeramantry,S SRI"]
[Result "1-0"]
[WhiteElo "2440"]
[BlackElo "2201"]

1.d4 Nf6 2.Bg5 e6 3.e4 h6 4.Bxf6 Qxf6 5.Nc3 d6 6.Qd2 a6 7.f4 Qe7 8.Nf3 Nd7
9.O-O-O b5 10.d5 e5 11.g3 Nb6 12.Qe3 Bg4 13.Be2 Qd7 14.fxe5 Bxf3 15.e6 fxe6
16.Bxf3 Be7 17.h4 Bf6 18.e5 Bxe5 19.dxe6 Qc8 20.Bxa8 Qxa8 21.Rhf1 b4 22.Qe2 bxc3
23.Qh5+ g6 24.Qxg6+ Kd8 25.Qf5 cxb2+ 26.Kb1 Na4 27.Qxe5  1-0

[Event "2nd Chennai Open"]
[Site "Chennai IND"]
[Date "2010.01.29"]
[Round "6"]
[White "Siddharth,R"]
[Black "Turov,M"]
[Result "0-1"]
[WhiteElo "2424"]
[BlackElo "2584"]

1.d4 Nf6 2.Bg5 e6 3.e4 h6 4.Bxf6 Qxf6 5.Nc3 d6 6.Qd2 c6 7.O-O-O e5 8.Nge2 Qxf2
9.dxe5 Be7 10.Qd3 dxe5 11.Ng3 Na6 12.Nf5 Nc5 13.Qg3 Qxg3 14.hxg3 g6 15.Nxe7 Kxe7
16.b4 Ne6 17.b5 Nc5 18.Bc4 Bg4 19.Rd2 f6 20.Bb3 h5 21.bxc6 bxc6 22.Ba4 Rhc8
23.Rf1 Rab8 24.Rdf2 Nd7 25.Rd2 Rb6 26.Re1 Nc5 27.Rf2 Rd8 28.Rd2 Rd4 29.Bb3 Rbb4
30.Bg8 Rxd2 31.Kxd2 a5 32.Ke3 Be6 33.Bxe6 Kxe6 34.Kd2 Na4 35.Nxa4 Rxa4 36.Re3 Rxa2
37.Rc3 Kd7 38.Rf3 Ke7 39.Rb3 Ra4 40.Rb7+ Ke6 41.Kd3 Ra3+ 42.c3 Ra2 43.Rc7 Rxg2
44.Rxc6+ Ke7 45.Ra6 Rxg3+ 46.Kd2 h4 47.Rxa5 h3 48.c4 Rg5 49.Ra1 h2 50.Rh1 Rh5
51.Ke3 Kd6 52.Kf2 Kc5 53.Kg2 Rh4 54.Kg3 g5 55.Kg2 Rxe4 56.Rd1 Rxc4 57.Kxh2 Rf4
58.Kg3 e4  0-1

[Event "ch-UKR b18"]
[Site "Kyiv UKR"]
[Date "2010.01.31"]
[Round "8"]
[White "Minenko,Andrey UKR"]
[Black "Gogol,Vladislav"]
[Result "0-1"]
[WhiteElo "1739"]
[BlackElo "1987"]

1.d4 Nf6 2.Bg5 e6 3.e4 d5 4.e5 h6 5.Be3 Nfd7 6.c3 c5 7.Nd2 Nc6 8.Ngf3 f5
9.exf6 Qxf6 10.Bb5 Bd6 11.Qa4 Nb6 12.Bxc6+ Ke7 13.Qa5 cxd4 14.Bxd4 e5 15.Bxb6 axb6
16.Qxa8 bxc6 17.Qxc6 e4 18.O-O Bxh2+ 19.Nxh2 Qxc6 20.Nb3 Rf8 21.Rad1 Qg6
22.Rfe1 Be6 23.Nd4 Bh3 24.g3 h5 25.Re3 Kd6 26.b3 Qf6 27.Rd2 Rc8 28.Ne2 Be6
29.Rxe4 Rxc3 30.Nxc3 Qxc3 31.Red4 Kc6 32.Nf1 Qa1 33.Kg2 g5 34.Ne3 h4 35.gxh4 gxh4
36.Rxh4 Qg7+ 37.Kf1 Qa1+ 38.Ke2 Bf7 39.Rh7 Qf6 40.Rxf7 Qxf7 41.Rxd5 Qf6 42.Rd2 Qf4
43.Kd3 Qf3 44.a4 Kc5 45.Kc2 Qe4+ 46.Kb2 Qe5+ 47.Ka2 Kb4 48.Rd5 Qh2 49.Rf5 Qg1
50.Rf4+ Kc3 51.Nd5+ Kc2 52.Nxb6 Qb1+ 53.Ka3 Qxb3+  0-1

[Event "8th Gibtelecom Masters"]
[Site "Caleta ENG"]
[Date "2010.02.02"]
[Round "8"]
[White "Bellon Lopez,JuM"]
[Black "Chapman,T"]
[Result "1/2-1/2"]
[WhiteElo "2440"]
[BlackElo "2221"]

1.d4 Nf6 2.Bg5 e6 3.e4 c5 4.d5 h6 5.Bxf6 Qxf6 6.Nc3 a6 7.Qf3 b5 8.Qxf6 gxf6
9.a4 b4 10.Nd1 Bg7 11.Nf3 f5 12.Nd2 O-O 13.Bd3 Bb7 14.c4 bxc3 15.Nxc3 Bd4
16.O-O fxe4 17.Ndxe4 Bxd5 18.Nxd5 exd5 19.Nc3 Bxc3 20.bxc3 Nc6 21.Rfd1 Rfd8
22.Rab1 Kg7 23.h4 d4 24.cxd4 Nxd4 25.Rb6 a5 26.Rd6 Rab8 27.Rc1 Rb3 28.Bf1 Ne6
29.Bb5 Rb4 30.g3 Rd4 31.Rxd4 cxd4 32.Kf1 Kf6 33.Ke2 Ke5 34.f4+ Kd5 35.Bc4+ Ke4
36.Re1 Rb8 37.Kf2+ Kf5 38.Re5+ Kf6 39.Rxa5 Rb2+ 40.Kf3 Rc2 41.Rf5+ Ke7 42.Bd5 d3
43.Re5 f6 44.Re3 d2 45.Ke2 Kd6 46.Bxe6 dxe6 47.Rd3+ Kc5 48.Rxd2 Rc3 49.Rd3 Rc2+
50.Kf3 f5 51.Rd8 Ra2 52.Ra8 h5 53.a5 Ra3+ 54.Kg2 Kd5 55.Ra6 Ra2+ 56.Kf1 Ke4
57.Rxe6+ Kf3 58.Ke1 Rxa5 59.Rg6 Ra1+ 60.Kd2 Rg1 61.Rg5 Rxg3 62.Rxf5 Kg4 63.Rg5+ Kxf4
64.Rxh5 Rh3 65.Rh8 Kg4 66.Rg8+ Kxh4 67.Rh8+ Kg4 68.Rxh3 Kxh3  1/2-1/2

[Event "8th Gibtelecom Masters"]
[Site "Caleta ENG"]
[Date "2010.02.02"]
[Round "8"]
[White "Boskovic,D"]
[Black "Maze,S"]
[Result "1-0"]
[WhiteElo "2454"]
[BlackElo "2554"]

1.d4 Nf6 2.Bg5 e6 3.e3 c5 4.c3 b6 5.f4 Bb7 6.Nf3 Qc7 7.Bd3 Nd5 8.e4 Nxf4
9.Bxf4 Qxf4 10.O-O Qh6 11.Na3 f6 12.d5 e5 13.Nb5 Kd8 14.a4 a6 15.Na3 d6 16.b4 Nd7
17.Nc4 Be7 18.Rb1 cxb4 19.Rxb4 a5 20.Rb2 Ba6 21.Qe2 Bxc4 22.Bxc4 Kc7 23.Rfb1 Rhb8
24.Bb5 Nc5 25.Nd2 f5 26.Bc6 Ra7 27.exf5 Bg5 28.Nc4 e4 29.g3 Bf6 30.Na3 Kd8
31.Nb5 Re7 32.Nd4 Bxd4+ 33.cxd4 Nd3 34.Rxb6 Rxb6 35.Rxb6 Qc1+ 36.Kg2 Ne1+
37.Kh3  1-0

[Event "8th Gibtelecom Masters"]
[Site "Caleta ENG"]
[Date "2010.02.04"]
[Round "10"]
[White "Bellon Lopez,JuM"]
[Black "Wantiez,F"]
[Result "1/2-1/2"]
[WhiteElo "2440"]
[BlackElo "2315"]

1.d4 Nf6 2.Bg5 e6 3.e4 h6 4.Bxf6 Qxf6 5.Nc3 d6 6.Qd2 g5 7.O-O-O Bg7 8.h4 Nc6
9.Nb5 Qe7 10.hxg5 hxg5 11.Rxh8+ Bxh8 12.d5 Nd8 13.Nf3 a6 14.Nbd4 g4 15.Ng1 Bxd4
16.Qxd4 e5 17.Qc3 f5 18.exf5 Bxf5 19.Ne2 Nf7 20.Ng3 Qg5+ 21.Kb1 O-O-O 22.Nxf5 Qxf5
23.Qe3 Rf8 24.Bd3 Qf6 25.Qa7 Nd8 26.Be2 Qf5 27.a3 c6 28.Rh1 cxd5 29.Qb6 Qd7
30.Rh6 g3 31.Rxd6 Qc7 32.Bg4+ Kb8 33.Qxc7+ Kxc7 34.Rd7+ Kc6 35.fxg3 Nf7 36.c4 dxc4
37.Re7 b5 38.Re6+ Kc5 39.Bh5 Nd6 40.Rxe5+ Kd4 41.Re2 c3 42.Bf3 Nc4 43.bxc3+ Kd3
44.Re6 Kxc3 45.g4 Nxa3+ 46.Kc1 Nc4 47.Rxa6 b4 48.Rc6 Re8 49.Kd1 Rd8+ 50.Kc1 Re8
51.Kd1 Rd8+ 52.Kc1 Re8 53.Kd1 Rd8+  1/2-1/2

[Event "BSF 75th Ann."]
[Site "Bronshoj DEN"]
[Date "2010.02.16"]
[Round "2"]
[White "Naes,F"]
[Black "Petersen,PB"]
[Result "0-1"]
[WhiteElo "2262"]
[BlackElo "2203"]

1.d4 Nf6 2.Bg5 e6 3.e4 h6 4.Bxf6 Qxf6 5.Nc3 b6 6.Qd2 Bb7 7.O-O-O a6 8.f4 Bb4
9.Qe3 Bxc3 10.bxc3 Qe7 11.Nf3 Nc6 12.Bd3 Na5 13.Kb2 b5 14.g4 Rb8 15.Nd2 d5
16.Rhe1 O-O 17.e5 Nc4+ 18.Bxc4 dxc4 19.f5 Qg5 20.Qf2 Bd5 21.f6 b4 22.h4 Qg6
23.g5 h5 24.cxb4 Rxb4+ 25.Kc3 Ra4 26.fxg7 Rb8 27.Qf6 Ra3+ 28.Nb3 cxb3 29.axb3 Raxb3+  0-1

[Event "BSF 75th Ann."]
[Site "Bronshoj DEN"]
[Date "2010.02.16"]
[Round "3"]
[White "Naes,F"]
[Black "Andersen,Dani"]
[Result "1-0"]
[WhiteElo "2262"]
[BlackElo "2024"]

1.d4 Nf6 2.Bg5 e6 3.e4 c5 4.e5 h6 5.Bc1 Nd5 6.Nf3 cxd4 7.Qxd4 Nc6 8.Qe4 d6
9.Bc4 dxe5 10.Nxe5 Qf6 11.Nxc6 bxc6 12.O-O Bc5 13.c3 O-O 14.Nd2 Qf4 15.Bxd5  1-0

[Event "BSF 75th Ann."]
[Site "Bronshoj DEN"]
[Date "2010.02.18"]
[Round "6"]
[White "Saada,J"]
[Black "Skovgaard,Pe2"]
[Result "0-1"]
[WhiteElo "2307"]
[BlackElo "2279"]

1.d4 Nf6 2.Bg5 e6 3.e4 h6 4.Bxf6 Qxf6 5.c3 d6 6.Bd3 Qg5 7.Nf3 Qxg2 8.Rg1 Qh3
9.Nbd2 Nd7 10.Nf1 Qh5 11.e5 dxe5 12.Ng3 Qh3 13.Qe2 Be7 14.Nxe5 Nxe5 15.Qxe5 Bd6
16.Qxg7 Rf8 17.O-O-O Bd7 18.Qf6 Be7 19.Qf3 O-O-O 20.Be4 c6 21.Qe3 Qh4 22.f4 Bd6
23.Rgf1 Rg8 24.Rf2 Rg4 25.Rdf1 Kb8 26.Bd3 f5 27.Kb1 Rf8 28.b4 Rgg8 29.Rb2 Rg4
30.Rbf2 Rgg8 31.Ka1 Qf6 32.Rb2 Rg4 33.Be2 Rh4 34.Rf2 Bc7 35.Bd1 h5 36.Rf1 Qh6
37.Rbf2 Re8 38.Qe2 Rg8 39.a4 Bc8 40.a5 a6 41.Kb2 Ka8 42.Qe3 Bb8 43.Be2 Rg6
44.Bc4 Bc7 45.Ne2 Rhg4 46.Nc1 Rg1 47.Rxg1 Rxg1 48.Be2 h4 49.Nd3 Qg7 50.Bf3 h3
51.Re2 Qg8 52.Re1 Rg7 53.Ra1 Qd8 54.Kb3 Qg8 55.c4 Rd7 56.Nc5 Rd6 57.Kc3 Qd8
58.Rg1 Qh4 59.Rg8 Rd8 60.Rxd8 Bxd8 61.Kb3 Bc7 62.Nd3 Qh8 63.Qg1 Bd8 64.Ne5 Bf6
65.Qe3 Qh4 66.Qd2 Qh8 67.Qe3 Qh4 68.Bh1 Qh8 69.Qf3 Bxe5 70.dxe5 Qd8 71.Kc3 c5
72.Qe3 Qd1 73.Bf3 Qa1+ 74.Kc2 cxb4 75.c5 Bd7 76.Qd3 Ba4+ 77.Kd2 Qb2+ 78.Ke3 Qc1+
79.Kd4 Qxf4+  0-1

[Event "NordWest-Cup"]
[Site "Bad Zwischenahn GER"]
[Date "2010.02.20"]
[Round "4"]
[White "Manolache,M"]
[Black "Lick,P"]
[Result "1-0"]
[WhiteElo "2539"]
[BlackElo "2038"]

1.d4 Nf6 2.Bg5 e6 3.e4 Be7 4.e5 Nd5 5.Bd2 c5 6.c4 Nc7 7.Qg4 O-O 8.Nf3 f5
9.exf6 Bxf6 10.Bd3 Qe7 11.Nc3 d5 12.O-O Nc6 13.dxc5 Qxc5 14.Qg3 Ne8 15.cxd5 exd5
16.Rac1 Kh8 17.Ne4 Qb6 18.Neg5 Bxg5 19.Nxg5 Nf6 20.Bf4 Ne4 21.Nxe4 dxe4 22.Bxe4 Bf5
23.Bc7 Qb5 24.Bxc6 bxc6 25.Be5 Rf7 26.Rfe1 Be6 27.a3 Bd5 28.Bd4 a5 29.Re5 Qa4
30.Qe3 h6 31.Re1 Qc2 32.Re8+ Rxe8 33.Qxh6+  1-0

[Event "Masters B"]
[Site "Nancy FRA"]
[Date "2010.02.25"]
[Round "5"]
[White "Wiley,To"]
[Black "Taddei,B"]
[Result "1/2-1/2"]
[WhiteElo "2302"]
[BlackElo "2295"]

1.d4 Nf6 2.Bg5 e6 3.Nd2 h6 4.Bh4 d5 5.e3 c5 6.c3 Nc6 7.Ngf3 cxd4 8.exd4 Be7
9.Bd3 O-O 10.O-O Ne8 11.Bxe7 Qxe7 12.Qe2 Nd6 13.Rfe1 Bd7 14.Nf1 Rab8 15.Ng3 b5
16.b3 Rfc8 17.Rac1 a5 18.Bb1 Be8 19.Qd3 g6 20.h4 Qf6 21.h5 g5 22.Ne5 Qg7
23.Qd2 b4 24.c4  1/2-1/2